Nanotechnology Applications & Markets (Record no. 317123)

MARC details
000 -LEADER
fixed length control field 00464nam a2200181Ia 4500
008 - FIXED-LENGTH DATA ELEMENTS--GENERAL INFORMATION
fixed length control field 230718s9999 xx 000 0 und d
020 ## - INTERNATIONAL STANDARD BOOK NUMBER
International Standard Book Number 9781596930063
041 ## - LANGUAGE CODE
Language code of text/sound track or separate title eng
082 ## - DEWEY DECIMAL CLASSIFICATION NUMBER
Classification number 005.117
Item number GAS
100 ## - MAIN ENTRY--PERSONAL NAME
Personal name Gasman L.
9 (RLIN) 154788
245 ## - TITLE STATEMENT
Title Nanotechnology Applications & Markets
260 ## - PUBLICATION, DISTRIBUTION, ETC. (IMPRINT)
Name of publisher, distributor, etc. Artech
300 ## - PHYSICAL DESCRIPTION
Extent 210
Accompanying material [OBSOLETE, CAN/MARC] Ref 470 I (28330)
365 ## - TRADE PRICE
Currency code Rs.
Price amount 395.00
500 ## - GENERAL NOTE
Keywords 470 I
700 ## - ADDED ENTRY--PERSONAL NAME
Personal name Gasman L.
9 (RLIN) 154788
906 ## - LOCAL DATA ELEMENT F, LDF (RLIN)
d B:35130-Jun-2007
c ME INS
Holdings
Withdrawn status Lost status Source of classification or shelving scheme Reference No Damaged status Not for loan Home library Current library Date acquired Vendor Budget Code Cost, normal purchase price Bill number Full call number Barcode Date last seen Cost, replacement price Bill Date Koha item type Original Barcode
    Dewey Decimal Classification Ref 470 I (28330)   Reference Cummins College of Engineering for Women Pune Cummins College of Engineering for Women Pune 18/07/2007 Goels Computer Hut ME INS 395.00 351 005.117 CCEP-BK-28330 18/07/2023 395.00 30/06/2007 Books 028330